Business Advances Level GNVQ3 (Record no. 2505)

MARC details
005 - DATE AND TIME OF LATEST TRANSACTION
control field 20250522102736.0
020 ## - INTERNATIONAL STANDARD BOOK NUMBER
International Standard Book Number 0 907679 66 8
082 ## - DEWEY DECIMAL CLASSIFICATION NUMBER
Classification number 658.544 CAL
245 ## - TITLE STATEMENT
Title Business Advances Level GNVQ3
250 ## - EDITION STATEMENT
Edition statement 2rd Ed
260 ## - PUBLICATION, DISTRIBUTION, ETC.
Place of publication, distribution, etc. Britain,
Name of publisher, distributor, etc. Business Education,
Date of publication, distribution, etc. 1994.
300 ## - PHYSICAL DESCRIPTION
Extent viii,756.: ill.;
Other physical details Index
Dimensions 25cm.
700 ## - ADDED ENTRY--PERSONAL NAME
Other authors/Editors CALLAGHAN, P.
942 ## - ADDED ENTRY ELEMENTS (KOHA)
Source of classification or shelving scheme Dewey Decimal Classification
Koha item type Books
Holdings
Date last seen Total checkouts Full call number Barcode Cost, replacement price Price effective from Koha item type Lost status Source of classification or shelving scheme Damaged status Not for loan Withdrawn status Home library Current library Shelving location Date acquired Cost, normal purchase price
05/22/2025   658.544 CAL 0000009436 30000.00 05/22/2025 Books   Dewey Decimal Classification       College of Business Education Main Library College of Business Education Main Library General Collection 08/16/2000 10000.00
05/22/2025   658.544 CAL 0000009437 30000.00 05/22/2025 Books   Dewey Decimal Classification       College of Business Education Main Library College of Business Education Main Library General Collection 08/16/2000 10000.00
05/22/2025   658.544 CAL 0000009438 30000.00 05/22/2025 Books   Dewey Decimal Classification       College of Business Education Main Library College of Business Education Main Library General Collection 08/16/2000 10000.00